000
00324nam a2200121Ia 4500
008
180205s9999 xx 000 0 und d
020
_a
9780240806907
100
_a
Reese, David E.
245
_a
Radio production work text :
_b
studio and equipment
250
_a
5th ed
260
_a
USA
_b
USA
_c
1977
300
_a
vii, 239 pages
999
_c
354727
_d
354727